000 00521nam a2200181Ia 4500
003 GCL
008 140319s9999 xx 000 0 ara d
040 _aGCL /
_cGCL
082 0 4 _a216
_bم ا
100 1 _aمحمود حمدى زقزوق
245 1 0 _aالاسلام فى مراة الفكر الغربى /
_cمحمود حمدى زقزوق
300 _a251 ص
490 _a
650 0 4 _aالاسلام
650 0 4 _aالاستشراق والمستشرقون
650 0 4 _aدفع المطاعن
942 _2ddc
_cBK
999 _c39061
_d39061